Lucio Fulci Films By Picture - Statistics

General Stats
  • This quiz has been taken 10 times
  • The average score is 7 of 12
Answer Stats
Picture Answer % Correct
Aenigma
75%
City Of The Living Dead
75%
The Beyond
75%
Conquest
63%
Contraband
63%
New York Ripper
63%
The Black Cat
63%
The House By The Cemetery
63%
A Lizard In A Woman's Skin
50%
Don't Torture A Duckling
50%
The Psychic
50%
Zombie Flesh Eaters
50%
No matching quizzes found
Score Distribution
Percent of People with Each Score
Percentile by Number Answered
Your Score History
You have not taken this quiz